Statystyki dla Najrzadziej odgadywane powiaty

Kliknij tutaj aby rozwiązać quiz!

Ogólne statystyki

  • Ten quiz został rozwiązany 45 razy
  • Średni wynik to 14 z 26

Statystyki odpowiedzi

%WojewództwoPowiat% Poprawnych
14lubuskiestrzelecko-drezdenecki
70%
15lubuskiesulęciński
70%
16podkarpackieropczycko-sędziszowski
65%
16dolnośląskiewołowski
65%
16dolnośląskiegórowski
59%
17zachodniopomorskiełobeski
59%
17łódzkiepajęczański
59%
16łódzkiepoddębicki
59%
15podkarpackiestrzyżowski
59%
17śląskiebieruńsko-lędziński
57%
15kujawsko-pomorskieradziejowski
57%
17łódzkiewieruszowski
57%
16kujawsko-pomorskiesępoleński
54%
16zachodniopomorskieświdwiński
54%
15zachodniopomorskiechoszczeński
51%
16podlaskiekolneński
51%
17kujawsko-pomorskiemogileński
51%
17dolnośląskielwówecki
49%
15kujawsko-pomorskiewąbrzeski
49%
17wielkopolskieczarnkowsko-trzcianecki
46%
16kujawsko-pomorskielipnowski
46%
17podkarpackieniżański
43%
17zachodniopomorskiepyrzycki
41%
17dolnośląskiestrzeliński
38%
17lubelskieparczewski
32%
17mazowieckiezwoleński
27%

Rozkład punktacji

Percentyl według liczby udzielonych odpowiedzi

Procent ludzi z każdym wynikiem

Twoja historia wyników

Nie rozwiązałeś tego quizu